000
00248nam a22001217a 4500
008
190225b xxu||||| |||| 00| 0 eng d
041
_a
eng
080
_a
821
100
_a
22
101
_a
GJL
245
_a
Einstein
_c
Clark, R.W
942
_2
udc
_c
BK
999
_c
54233
_d
54233